Banderas de los Territorios de Canadá - Estadísticas

Estadísticas generales
  • Esta prueba ha sido intentada 62 veces
  • La puntuación promedio es 7 de 13
Estadísticas de respuestas
Imagen Respuesta % Correcto
Quebec
88%
Ontario
69%
Columbia Britanica
62%
Manitoba
62%
Nueva Escocia
62%
Alberta
60%
Isla del Principe Eduardo
55%
Nunavut
50%
Saskatchewan
50%
Nuevo Brunswick
45%
Terranova y Labrador
45%
Territorios del Noroeste
40%
Yucón
19%
No se encontraron pruebas coincidentes
Distribución de puntuación
Porcentaje de gente con cada puntuación
Porcentaje por número respondido
Historial de tus puntuaciones
No has intentado esta prueba.